| 000 | 01194nam a22002657a 4500 | ||
|---|---|---|---|
| 005 | 20170124102943.0 | ||
| 010 | _aA-673587 | ||
| 020 | _c45.00 | ||
| 035 | _aA-673587 | ||
| 037 | _bCen Lib/Ret | ||
| 040 |
_aDPL _bHN |
||
| 082 |
_a820.8 _bठाकुर |
||
| 100 |
_aठकुर, समीक्षा _949056 |
||
| 245 |
_aरामचंद्र शुक्ल के समीक्षा सिधांत और गीता-रहस्य / _cसमीक्षा ठाकुर |
||
| 246 |
_aRamchandra Shukl ke samiksha sidhant or geeta rahasye / _bby Samiksha Thakur |
||
| 260 |
_a नयी दिल्ली _bराजकमल प्रकाशन _c1993 |
||
| 270 |
_a१बे, नेताजी सुभाष मार्ग _b नयी दिल्ली _e110002 |
||
| 300 |
_a91पृ. _c16सेमी(सजिल्द) |
||
| 500 | _aगरंथ सूची शामिल | ||
| 650 |
_aहिंदी साहित्य _949057 |
||
| 650 |
_aहिंदी समीक्षा _949058 |
||
| 650 |
_aHindi litarature _949059 |
||
| 650 |
_aHindi Review _949060 |
||
| 942 |
_2ddc _cHN _h820.4 _mठाकुर |
||
| 999 |
_c112756 _d112756 |
||